书目信息 |
| 题名: |
风力发电机组故障诊断技术
|
|
| 作者: | 杨锡运 , 郭鹏 , 岳俊红 编著 | |
| 分册: | ||
| 出版信息: | 北京 中国水利水电出版社 2015 |
|
| 页数: | 176页 | |
| 开本: | 20cm | |
| 丛书名: | ||
| 单 册: | ||
| 中图分类: | TM315 | |
| 科图分类: | ||
| 主题词: | 发电机 , 发电机--机组 | |
| 电子资源: | ||
| ISBN: | 7-5170-3588-6 | |
| 000 | 00729nam0 2200229 450 | |
| 001 | 1754701734 | |
| 005 | 20171221151241.11 | |
| 010 | @a7-5170-3588-6@dCNY58.00 | |
| 100 | @a20171221d2015 km y0chiy0120 ea | |
| 101 | 0 | @achi |
| 102 | @aCN@b110000 | |
| 200 | 1 | @a风力发电机组故障诊断技术@Afeng li fa dian ji zu gu zhang zhen duan ji shu@f杨锡运, 郭鹏, 岳俊红等编著@Fyang xi yun,guo peng,yue jun hong deng bian zhu |
| 210 | @a北京@c中国水利水电出版社@d2015 | |
| 215 | @a176页@d20cm | |
| 606 | 0 | @a发电机 |
| 606 | 0 | @a发电机@x机组 |
| 690 | @aTM315@v4 | |
| 701 | 0 | @a杨锡运@Ayang xi yun@4编著 |
| 701 | 0 | @a郭鹏@Aguo peng@4编著 |
| 701 | 0 | @a岳俊红@Ayue jun hong@4编著 |
| 801 | 0 | @aCN@bMUSE@c20171221 |
| 905 | @aMUSE@dTM315@eY308 | |
| 风力发电机组故障诊断技术/杨锡运, 郭鹏, 岳俊红等编著.-北京:中国水利水电出版社,2015 |
| 176页;20cm |
| ISBN 7-5170-3588-6:CNY58.00 |
| ● |
| 相关链接 |
|
|
|
正题名:风力发电机组故障诊断技术
索取号:TM315/Y308
 
预约/预借
| 序号 | 登录号 | 条形码 | 馆藏地/架位号 | 状态 | 备注 |
| 1 | 1300311 | 213003113 | 能源与建筑环境工程学院资料室/ [索取号:TM315/Y308] | 在馆 |